Normal view
MARC view
- بيزنطة-تاريخ-روما -تاريخ
Entry Topical Term
001 - CONTROL NUMBER
- control field: 38280
003 - CONTROL NUMBER IDENTIFIER
- control field: JO-AjAnu
005 - DATE AND TIME OF LATEST TRANSACTION
- control field: 20230606080357.0
008 - FIXED-LENGTH DATA ELEMENTS
- fixed length control field: 230606|| aca||aabn | a|a d
040 ## - CATALOGING SOURCE
- Original cataloging agency: JO-AjAnu
- Transcribing agency: JO-AjAnu
150 ## - HEADING--TOPICAL TERM
- Topical term or geographic name entry element: بيزنطة-تاريخ-روما -تاريخ
670 ## - SOURCE DATA FOUND
- Source citation: Work cat.: (JO-AjAnu)19637: عبيد، اسحاق تاضروس , author 38279, روما وبيزنطة من قطيعة فوشيوس حتى الغزو الاتيني لمدينة قسطنطين 869-1204